Evaluación y análisis de un sistema de fertirriego para cebolla (Allium cepa) y papa (Solanum tuberosum), mediante el uso de diversas tecnologías de precisión agrícola en Tierra Blanca, Cartago
Salvato in:
| Autore principale: | |
|---|---|
| Altri autori: | |
| Natura: | Libro |
| Lingua: | Spanish |
| Pubblicazione: |
San José, Costa Rica
2024
|
| Soggetti: | |
| Tags: |
Aggiungi Tag
Nessun Tag, puoi essere il primo ad aggiungerne!!
|
MARC
| LEADER | 00000nam a2200000Ia 4500 | ||
|---|---|---|---|
| 003 | 013855 | ||
| 005 | 20240405105320.0 | ||
| 008 | 140114s2024 cr a 000 ||spa d | ||
| 040 | |c cru CEDI | ||
| 100 | |a Matarrita Huertas, Jocelyn, 1995- |9 2906 | ||
| 245 | |a Evaluación y análisis de un sistema de fertirriego para cebolla (Allium cepa) y papa (Solanum tuberosum), mediante el uso de diversas tecnologías de precisión agrícola en Tierra Blanca, Cartago | ||
| 260 | |a San José, Costa Rica |c 2024 | ||
| 500 | |a Trabajo de graduación (licenciatura en ingeniería agrícola y de biosistemas)--Universidad de Costa Rica. Facultad de Ingeniería. Escuela de Ingeniería de Biosistemas | ||
| 501 | |a Director de Trabajo Final de Graduación: Ing. Matías Chaves Herrera, M.Sc | ||
| 650 | |x RIEGO - AUTOMATIZACION |x RIEGO POR GOTEO |x CEBOLLAS |x FERTILIDAD DEL SUELO |x AGRICULTURA DE PRECISION |x EQUIPO AGRICOLA |x INTERNET DE LAS COSAS |x SISTEMAS DE INFORMACION GEOGRAFICA |x TECNOLOGIA AGRICOLA | ||
| 700 | |a Chaves Herrera, Matías, 1986- |d Director del TFG |9 2907 | ||
| 942 | |c TFG |h TFG 8996 |i 013855 |6 TFG_8996_013855000000000 | ||
| 999 | |c 13115 |d 13115 | ||
